00841nam a2200253Ia 450000500170000000800410001702000150005804100080007310000260008124500710010725000220017830000390020065000410023965000410028065000350032165000350035670000310039126400310042233600270045333700330048033800280051304000350054108400110057620220316235652.0121119s2003 ck gr 000 j spa  a95870405540 aspa1 aReyes, Yolandad1959-10aUna cama para tres cYolanda Reyes ; ilustraciones de Ivar Da Coll aPrimera edición a30 páginasbilustracionesc28 cm14aCuentos infantiles colombianos2LEMB14aLiteratura infantil colombiana2LEMB14aNiños en la literatura2LEMB14aSueño en la literatura2LEMB1 aDa Coll, Ivar eilustrador aBogotá bAlfaguarac2003 atextobtxt2rdacontent asin mediaciónbn2rdamedia avolumenbnc2rdacarrier aCO-BoRNBPbspaerdacCO-BoRNBP aC REY3